000 00424nam a2200157 i 4500
001 72414
003 ES-MaACL
005 20230906171431.0
007 t|
008 040901s1961 sp ||||1| spa d
100 1 _aGirasol.
_957235
245 1 0 _aPoesías en verano /
_cGirasol.
260 _aBarcelona :
_bEl Mensajero del Corazón de Jesús,
_c1961.
300 _a193 p. ;
_c25 cm.
852 _aES-MaACL
_jC-20578
_bR.49028
999 _c72414
_d72414